01223nam a2200325 i 450000500170000000700030001700800410002002000180006104000350007904100080011408400120012210000400013424500890017425000450026326400550030830000450036333600270040833700330043533800280046849000270049650000460052352100610056965000480063065000480067865000370072665000310076365000400079470000320083470000310086620220317001738.0ta210809r20132017mx a br 000 j spa d a9786071612182 aCO-BoRNBPbspacCO-BoRNBPerda0 aspa aC CAR421 aCarrington, Leonorad1914- eautora10aLeche del sueñocLeonora Carrington ; editoras Eliana Pasarán y Mariana Mendía aPrimera ediciónbSegunda reimpresión 1aMéxicobFondo de Cultura Económicac2013c2017 a36, [8] páginasbilustraciones c19 cm atextobtxt2rdacontent asin mediaciónbn2rdamedia avolumenbnc2rdacarrier0 aA la orilla del viento aEscritora inglesa nacionalizada México. aRecomendado para un público infantil mayor de 6 años17aCuentos infantiles inglesesySiglo XX2LEMB17aLiteratura infantil inglesaySiglo XX2LEMB17aAutores inglesesySiglo XX2LEMB17aEmociones vCuentos 2LEMB17aNiños y animales vCuentos 2LEMB1 aPasarán, Eliana eeditora1 aMendía, Marianaeeditora